000 00663nam a2200181Ia 4500
008 090123s9999 xx 000 0 und d
082 _b40902
100 _aवोरा देवेंद्र
245 _aआपले आरोग्य आपल्या हातात
250 _a4
260 _bगाला पब्लिकेशन
_c1986
300 _a128
600 _aवोरा देवेंद्र
630 _aआपले आरोग्य आपल्या हातात
700 _aवोरा देवेंद्र
730 _aआपले आरोग्य आपल्या हातात
942 _cBOOK
999 _c78977
_d78977